Cities in Ukraine - Sudden Death - Statistics

General Stats
  • This quiz has been taken 63 times
  • The average score is 9 of 26
Answers on the Grid
Answers color-coded by a green-red scale on the quiz's grid according to % correct below.
Grodna
Černihiv
Bratsk
Lavov
Varaš
Radom
Čop
Orenburg
Striy
Korosten'
Penza
Izmail
Klintsy
Žitomir
Bila Cerkva
Žitište
Polack
Baranavičy
Morozovsk
Svitlovods'k
Tyumen
Haisyn
Pervomais'k
Tiraspol
Mohiliv-Podilskiy
Hmelnitskiy
Kirov
Uman'
Mukačevo
Užhorod
Parvomay
Navahrudak
Kiev
Podolsk
Pskov
Kriviy Rih
Podilsk
Volsk
Rivne
Šadrinsk
Černicvi
Luck
Mazyr
Odessa
Kascyukovičy
Kropivnicki
Podporožye
Smolyan
Tomsk
Vinnicya
 
Answer Stats
Answer % Correct
Kiev
79%
Odessa
61%
Černihiv
58%
Kriviy Rih
55%
Žitomir
53%
Bila Cerkva
45%
Izmail
42%
Užhorod
42%
Vinnicya
37%
Rivne
34%
Hmelnitskiy
32%
Korosten'
32%
Lavov
32%
Striy
32%
Mukačevo
29%
Uman'
29%
Luck
26%
Černicvi
24%
Mohiliv-Podilskiy
24%
Svitlovods'k
24%
Čop
21%
Kropivnicki
21%
Pervomais'k
21%
Podilsk
18%
Haisyn
13%
Varaš
8%
No matching quizzes found
Score Distribution
Percent of People with Each Score
Percentile by Number Answered
Your Score History
You have not taken this quiz